|
|
|
|
| LEADER |
01553cam a2200313 a 4500 |
| 001 |
3839072 |
| 003 |
GR-PaULI |
| 005 |
20210117203430.0 |
| 008 |
870128s1986 nyua b 101 0 eng c |
| 020 |
|
|
|a 0897663691
|
| 020 |
|
|
|a 0897663705
|q (χαρτόδετο)
|
| 040 |
|
|
|a DNLM/DLC
|c DLC
|d
|b gre
|e AACR2
|
| 082 |
0 |
0 |
|a 616.858 445
|2 23
|
| 245 |
0 |
0 |
|a Psychobiology of suicidal behavior /
|c edited by J. John Mann and Michael Stanley.
|
| 260 |
|
|
|a New York, N.Y. :
|b New York Academy of Sciences,
|c 1986.
|
| 300 |
|
|
|a ix, 357 σ. :
|b εικ. ;
|c 24 εκ.
|
| 490 |
|
|
|a Annals of the New York Academy of Sciences
|v 487.
|
| 500 |
|
|
|a Proceedings of a conference held Sept. 18-20, 1985, in New York, N.Y., and sponsored by the New York Academy of Sciences and the National Institute of Mental Health.
|
| 504 |
|
|
|a Περιλαμβάνει βιβλιογραφία και ευρετήριο.
|
| 650 |
|
0 |
|a Αυτοκτονία
|x Ψυχολογικές απόψεις
|9 163800
|
| 650 |
|
4 |
|a Ψυχοβιολογία
|9 21110
|
| 700 |
1 |
|
|a Mann, J. John
|q (Joseph John)
|9 163798
|e επιμελητής.
|
| 700 |
1 |
|
|a Stanley, Michael
|c (Pharmacologist)
|9 163799
|e επιμελητής.
|
| 710 |
2 |
|
|a New York Academy of Sciences
|9 35619
|
| 830 |
|
|
|9 162896
|a Annals of the New York Academy of Sciences
|v 487.
|
| 942 |
|
|
|2 ddc
|c BKN
|
| 952 |
|
|
|0 0
|1 0
|2 ddc
|4 0
|6 Π_Σ_616_858000000000000_445_PSY
|7 0
|9 114963
|a LISP
|b LISP
|c REF
|d 2016-04-24
|i 06173
|l 0
|o Π/Σ 616.858 445 PSY
|p 025000113328
|r 2016-04-24 00:00:00
|t 1
|y BKN
|
| 998 |
|
|
|c ΜΠΟΥΡΑΣ
|d 2017-08
|
| 999 |
|
|
|c 76703
|d 76703
|